000 00474nam a2200181Ia 4500
001 10202
005 20260306161814.0
008 260306t2020||||xx |||||||||||||| ||spa||
041 _aESP
082 _a909
_bM26A
100 _aMartins, Ives Gandra da Silva,
_eAUT
245 2 _aA era dos desafios :
_ba humanidade e os dilemas de sua permanéncia
260 _c2020
300 _a126 páginas :
_c21 cm.
650 _aGEN
654 _aCHU
942 _cLIB
_dJUS
_fJUS
_2ddc
_n
999 _c10202
_d10202